000 00356 a2200121 4500
001 ART_7050
005 20260410161700.0
008 260409a
245 1 0 _aRégimen y dinámica inflacionaria subyacente
100 1 _aDAmato, Laura
700 1 _aCastagnino, Tomás
773 0 _tEnsayos Económicos
_g- Nº 52 (oct./dic. 2008)
_wREV620
999 _c15046
_d15046